00379nam a2200121Ia 4500082001200000100002600012245009300038260003300131300002000164650003600184650001800220710001900238 aTB.0321 aBandyopadhyay, Ishita 0aReligion and society in Orissa : Mahima Dharma in the Nineteenth and Twentieth centuries c1993bUniversity of Calcutta a221p. + C D -19 aRELIGION AND SOCIOLOGY - ORISSA aMAHIMA DHARMA aBhadra, Gautam